000 00472nam a22001811a 4500
020 _a9780803976764
_c0.00
040 _aSSUS - Library - Kalady
082 _a172
_bJER/L
100 _aJeremy Moss (ed.)
245 _aThe later foucault : politics and philosophy
_h[Text]
260 _aNew Delhi
_bSage
_c1998
300 _a201p.
600 _aEthics
600 _aPhilosophy
600 _aPolitical Ethics
852 _91394.90
_r
942 _cBK
999 _c25378
_d25378